Normal view
MARC view
Entry Personal Name
001 - CONTROL NUMBER
- control field: 88298
003 - CONTROL NUMBER IDENTIFIER
- control field: dpl
005 - DATE AND TIME OF LATEST TRANSACTION
- control field: 20260311121020.0
008 - FIXED-LENGTH DATA ELEMENTS
- fixed length control field: 260311|| aca||aabn | a|a d
040 ## - CATALOGING SOURCE
- Original cataloging agency: dpl
- Transcribing agency: dpl
100 ## - HEADING--PERSONAL NAME
- Personal name: प्रीतिप्रभा गोयल
670 ## - SOURCE DATA FOUND
- Source citation: Work cat.: (dpl)215492: प्रीतिप्रभा गोयल , भारत रत्न/, 2024
